L'enseignement des sciences naturelles dans les ecoles secondaires. (Record no. 46088)

MARC details
000 -LEADER
campo de control de longitud fija 00756nam a2200205 i 4500
001 - NÚMERO DE CONTROL
campo de control 46088
003 - IDENTIFICADOR DE NÚMERO DE CONTROL
campo de control ES-MaACL
005 - FECHA Y HORA DE LA ÚLTIMA TRANSACCIÓN
campo de control 20230906161328.0
007 - CAMPO FIJO DE DESCRIPCIÓN FÍSICA--INFORMACIÓN GENERAL
campo de control de longitud fija t|
008 - DATOS DE LONGITUD FIJA--INFORMACIÓN GENERAL
campo de control de longitud fija 030327s1958 sz ||||1| fre d
111 2# - ENTRADA PRINCIPAL--NOMBRE DE CONGRESO/REUNIÓN
Nombre de congreso/reunión o jurisdicción como elemento de entrada Conférence Internationale de l'Instruction Publique (
Número del congreso/reunión o número de parte o sección 15ª.
Fecha del congreso o de la firma del tratado 1952.
Sede del congreso/Lugar de la reunión Ginebra)
9 (RLIN) 149
245 12 - MENCIÓN DEL TÍTULO
Título L'enseignement des sciences naturelles dans les ecoles secondaires.
260 ## - PUBLICACIÓN, DISTRIBUCIÓN, ETC.
Lugar de publicación, distribución, etc. Genève :
Nombre del editor, distribuidor, etc. [s.n.,
Fecha de publicación, distribución, etc. 1952]
300 ## - DESCRIPCIÓN FÍSICA
Extensión 230 p. ;
Dimensiones 24 cm.
490 1# - MENCIÓN DE SERIE
Mención de serie Publications du Bureau International d'Education ;
Designación de volumen o secuencia 138
500 ## - NOTA GENERAL
Nota general Precede al tít.: Bureau International d'Instruction Publique.
830 0# - PUNTO DE ACCESO ADICIONAL DE SERIE-TÍTULO UNIFORME
Título uniforme Publications du Bureau International d'Education ;
Designación de volumen o secuencia 138
9 (RLIN) 181740
852 ## - LOCALIZACIÓN
Ubicación ES-MaACL
Número de control de estantería C-12663
Sublocalización o colección R.32645
Holdings
Estatus retirado Estado de pérdida Estado de daño No para préstamo Biblioteca de origen Biblioteca actual Ubicación en estantería Fecha de adquisición Fuente de adquisición Total de préstamos Signatura topográfica completa Código de barras Visto por última vez Precio de reemplazo Tipo de ítem Koha
        Biblioteca del Ateneo de Madrid Biblioteca del Ateneo de Madrid Sala Palomar 17/01/2008     C-12663 1048484 23/02/2023 23/02/2023 Libro impreso